Introduction to number theory

Αποθηκεύτηκε σε:
Λεπτομέρειες βιβλιογραφικής εγγραφής
Κύριος συγγραφέας: Nagell, Trygve
Μορφή: Βιβλίο
Γλώσσα:English
Δημοσίευση: Stockholm : New York : Almqvist & Wiksell ;, John Wiley, [1951]
Θέματα:
Ετικέτες: Προσθήκη ετικέτας
Δεν υπάρχουν, Καταχωρήστε ετικέτα πρώτοι!

MARC

LEADER 00000cam a2200000 i 4500
001 1/12160
008 110301s1951 eng d
035 |l 10109680 
040 |a GR-MY-UA  |b gre  |e aacr 
041 0 |a eng 
082 0 |a 512.7  |2 (22) 
100 1 |a Nagell, Trygve. 
245 1 0 |a Introduction to number theory /  |c by Trygve Nagell 
260 |a Stockholm :   |a New York :   |b Almqvist & Wiksell ;,   |b John Wiley,   |c [1951] 
300 |a 309 σ.;  |b εικ.;  |c 23 εκ. 
650 0 0 |a Number theory. 
852 |a INST  |b SAMOS  |c MAG  |e 20110301  |h 512.7 NAG  |p 005300032982  |q 005300043294  |t BK  |y 0 
901 |a BIBL3-2011-1 
909 |a Σ  |b 166286 
970 |a ΓΟΥΒΑΛΑ  |b ΒΑΣΩ  |z 2011/03/01